Orbital Discography - Statistics

General Stats
  • This quiz has been taken 14 times
  • The average score is 7 of 17
Answer Stats
Type Year Name % Correct
Album 1993 Orbital
100%
Album 1991 Orbital
89%
Album 1994 Snivilisation
89%
Album 1996 In Sides
78%
Album 2004 Blue Album
56%
Compilation 2005 Halcyon (Best Of)
33%
Soundtrack 2012 Pusher
33%
Album 2001 The Altogether
33%
Album 2012 Wonky
33%
EP 1994 Diversion
22%
Collaborative Soundtrack 1997 Event Horizon
22%
Soundtrack 2003 Octane
22%
Live Compilation 2007 Orbital: Live at Glastonbury 1994–2004
22%
Album 1999 The Middle of Nowhere
22%
Compilation 2009 2Orbital
11%
EP 1994 Peel Session
11%
Compilation 2002 Work 1989–2002
11%
No matching quizzes found
Score Distribution
Percent of People with Each Score
Percentile by Number Answered
Your Score History
You have not taken this quiz